Randy Newman Filmography - Statistics

General Stats
  • This quiz has been taken 4 times
  • The average score is 6 of 102
Answer Stats
Year Movie % Correct
1995 Toy Story
100%
1998 A Bug's Life
75%
1999 Toy Story 2
75%
2010 Toy Story 3
75%
2019 Toy Story 4
75%
2006 Cars
50%
2017 Cars 3
50%
2019 Marriage Story
25%
2001 Monsters, Inc.
25%
2013 Monsters University
25%
1986 9½ Weeks
0%
1985 After Hours
0%
1995 Against the Odds
0%
1997 Air Force One
0%
2005 AMV Hell 3: The Motion Picture
0%
1986 April Fool's Day
0%
1990 Avalon
0%
1990 Awakenings
0%
1998 Babe: Pig in the City
0%
2017 Baby Driver
0%
2010 Barney's Version
0%
1988 Beaches
0%
1997 Bean
0%
1999 Beautiful People
0%
1999 Blast From the Past
0%
2006 Bonneville
0%
1997 Boogie Nights
0%
2015 By the Sea
0%
1997 Cats Don't Dance
0%
1971 Cold Turkey
0%
1970 Cover Me Babe
0%
2005 Domino
0%
1986 Down and Out in Beverly Hills
0%
1999 Edtv
0%
1996 Escape From L.A.
0%
1998 Fear and Loathing in Las Vegas
0%
1994 Forrest Gump
0%
2005 Fun With Dick and Jane
0%
1997 G.I. Jane
0%
1985 Gotcha!
0%
1987 Harry and the Hendersons
0%
1989 Her Alibi
0%
1981 Herbstkatzen
0%
2009 High Life
0%
2003 How to Loose a Guy in 10 Days
0%
1996 James and the Giant Peach
0%
1988 Jenny's Song
0%
2015 Joy
0%
2001 Jurassic Park III
0%
2003 Kangaroo Jack
0%
2008 Leatherheads
0%
1981 Love and Money
0%
2002 Luokkajuhla
0%
1989 Major League
0%
1993 Malice
0%
1994 Maverick
0%
2004 Meet the Fockers
0%
2000 Meet the Parents
0%
1996 Michael
0%
1994 Milk Money
0%
2004 Mr. 3000
0%
1985 Mr. Love
0%
2009 My Sister's Keeper
0%
1987 Overboard
0%
1989 Parenthood
0%
1995 Party Girl
0%
1998 Paulie
0%
2010 Percy Jackson and the Olympians: The Lightning Thief
0%
1970 Performance
0%
1998 Pleasantville
0%
2018 Profile
0%
1981 Ragtime
0%
2018 Ralph Breaks the Internet
0%
1984 Reckless
0%
2001 Rennie's Landing
0%
2003 Seabiscuit
0%
2014 Sex Tape
0%
1988 Shag
0%
1986 Singing the Blues in Red
0%
2012 Stars 80
0%
1973 The Birth of a Nation
0%
1997 The Full Monty
0%
2016 The Great Everything and the Nothing
0%
2004 The Last Shot
0%
1994 The Little Rascals
0%
1964 The Lively Set
0%
2017 The Meyerowitz Stories
0%
1985 The Midnight Hour
0%
1988 The Naked Gun: From the Files of Police Squad!
0%
1984 The Natural
0%
1994 The Paper
0%
2009 The Princess and the Frog
0%
1971 The Pursuit of Happyness
0%
1983 The Survivors
0%
1986 Three Amigos!
0%
1967 Tony Rome
0%
1993 Twenty Bucks
0%
1976 Venture Into the Bizzare
0%
1997 Volcano
0%
2011 We Bought a Zoo
0%
1977 Whatever Happened to Dobie Gillis?
0%
1998 You've Got Mail
0%
No matching quizzes found
Score Distribution
Percent of People with Each Score
Percentile by Number Answered
Your Score History
You have not taken this quiz